| 000 | 00404nam a2200169Ia 4500 | ||
|---|---|---|---|
| 008 | 230524s9999 xx 000 0 und d | ||
| 020 | _a0070532435 | ||
| 082 |
_a621.3841 _bKRA |
||
| 100 | _aJohn D.Kraus | ||
| 245 | 0 | _aAntennas For All Applications | |
| 250 | _a3RD | ||
| 260 |
_aNEW DELHI _bTMH _c2004 |
||
| 300 | _aXVIII;938 | ||
| 500 | _aQuantity Number: 4 | ||
| 650 | _aElectronics | ||
| 942 | _cBK | ||
| 999 |
_c4215 _d4215 |
||